00309nam a2200121Ia 4500008004100000020001400041050001500055100002000070245004300090260001700133300002400150650001300174150202s9999 xx 000 0 und d a874060435 aFIC bFIC  aYoung, Alida E. aWhy am I too young? /cAlida E. Young. aUSA :c1985. a126 pages :c18 cm. aFiction.